Country Connect by Southernmost Point - Statistics

General Stats
  • This quiz has been taken 53 times
  • The average score is 133 of 156
Answers on the Map
Answers color-coded by a green-red scale on the quiz's map according to % correct below.
 
Answer Stats
Country % Correct
Argentina
100%
Bolivia
100%
Brazil
100%
Chile
100%
Colombia
100%
Ecuador
100%
France
100%
Guyana
100%
Paraguay
100%
Peru
100%
Suriname
100%
Uruguay
100%
Venezuela
100%
Spain
97%
Morocco
94%
Botswana
90%
Burundi
90%
Democratic Republic of the Congo
90%
Central African Republic
90%
Djibouti
90%
Eritrea
90%
Eswatini
90%
Ethiopia
90%
Ivory Coast
90%
Kenya
90%
Lesotho
90%
Liberia
90%
Malawi
90%
Mali
90%
Mauritania
90%
Mozambique
90%
Rwanda
90%
Somalia
90%
South Africa
90%
South Sudan
90%
Sudan
90%
Tanzania
90%
Uganda
90%
Zimbabwe
90%
Algeria
87%
Angola
87%
Benin
87%
Burkina Faso
87%
Cameroon
87%
Chad
87%
Papua New Guinea
87%
United Arab Emirates
87%
Egypt
87%
Gambia
87%
Ghana
87%
Guinea
87%
Guinea-Bissau
87%
India
87%
Indonesia
87%
Iran
87%
Iraq
87%
Israel
87%
Jordan
87%
Kuwait
87%
Libya
87%
Malaysia
87%
Myanmar
87%
Namibia
87%
Niger
87%
Nigeria
87%
Oman
87%
Pakistan
87%
Qatar
87%
Republic of the Congo
87%
Saudi Arabia
87%
Senegal
87%
Sierra Leone
87%
Thailand
87%
Togo
87%
Tunisia
87%
Yemen
87%
Zambia
87%
Afghanistan
84%
Bhutan
84%
Brunei
84%
Cambodia
84%
China
84%
East Timor
84%
Kazakhstan
84%
Kyrgyzstan
84%
Laos
84%
Nepal
84%
Russia
84%
Tajikistan
84%
Turkmenistan
84%
Uzbekistan
84%
Vietnam
84%
Albania
81%
Armenia
81%
Austria
81%
Azerbaijan
81%
Bangladesh
81%
Belarus
81%
Belgium
81%
Bosnia and Herzegovina
81%
Bulgaria
81%
Croatia
81%
Czechia
81%
Denmark
81%
Equatorial Guinea
81%
Estonia
81%
Finland
81%
Gabon
81%
Georgia
81%
Germany
81%
Greece
81%
Hungary
81%
Italy
81%
Kosovo
81%
Latvia
81%
Lebanon
81%
Liechtenstein
81%
Lithuania
81%
Luxembourg
81%
Moldova
81%
Mongolia
81%
Montenegro
81%
Netherlands
81%
North Korea
81%
North Macedonia
81%
Norway
81%
Poland
81%
Portugal
81%
Romania
81%
San Marino
81%
Serbia
81%
Slovakia
81%
Slovenia
81%
South Korea
81%
Sweden
81%
Switzerland
81%
Syria
81%
Turkiye
81%
Ukraine
81%
Vatican City
81%
Andorra
77%
Belize
77%
Canada
77%
Costa Rica
77%
Dominican Republic
77%
El Salvador
77%
Guatemala
77%
Haiti
77%
Honduras
77%
Ireland
77%
Mexico
77%
Monaco
77%
Nicaragua
77%
Panama
77%
United Kingdom
77%
United States
77%
No matching quizzes found
Score Distribution
Percent of People with Each Score
Percentile by Number Answered
Your Score History
You have not taken this quiz